Statistics for Largest Endorheic Bodies of Water

Click here to take the quiz!

General Stats

  • This quiz has been taken 97 times
  • The average score is 5 of 10

Answer Stats

RankArea (Sq. Km)Bordering CountriesAnswer% Correct
1371,000Russia/Turkmenistan/Iran/
Kazakhstan/Azerbaijan
Caspian Sea
98%
101,350Kazakhstan/UzbekistanAral Sea
85%
84,400United StatesGreat Salt Lake
66%
46,405Kenya/EthiopiaLake Turkana
44%
218,428KazakhstanLake Balkhash
39%
93,755TurkeyLake Van
39%
39,500AustrailaLake Eyre
35%
56,236KyrgyzstanIssyk Kul
26%
65,200IranLake Urmia
17%
74,489ChinaQinghai Lake
17%

Score Distribution

Percentile by Number Answered

Percent of People with Each Score

Your Score History

You have not taken this quiz